000 00535nmm a2200169Ia 4500
008 251105s9999||||xx |||||||||||||||||und||
020 _a9788476583234
041 _aspa
100 _aRiera, Carme
245 0 _aHay veneno y jazmín en tu tinta: Aproximación a la poesía de J.A. Goytisolo
264 _a[Madrid, España] :
_bAnthropos,
_c1991
300 _a266 páginas
490 _aAutores, textos y temas. Literatura
650 _aSpanish literature
856 _uhttps://public.digitaliapublishing.com/a/47738
942 _cCF
999 _c85114
_d85114